| 000 | 01040 a2200193 4500 | ||
|---|---|---|---|
| 003 | Nust | ||
| 005 | 20221228170806.0 | ||
| 040 | _cNust | ||
| 082 | _a621.388,ZBA | ||
| 100 |
_aPaul B Zbar _9106264 |
||
| 245 |
_aAdvanced servicing techniques _bcolor and black and white television / |
||
| 250 | _avol I | ||
| 260 |
_aNew York _bJohn F. Rider _c1964 |
||
| 300 | _a298p | ||
| 505 | _aIntroduction (Page-1),TV Test Equipment (Page-9),Print Circuit(Page-27),CRT Display (Page-40),Chroma Section (Page-58),Color Sync Section (Page-80),Front And Servicing (Page-91),Video I-F Section (Page-109),Video Detector And AGC (Page-122),Video Amplifier (Page-138),Sync Section (Page-153),Sweep Section (Page-168),Sound Section (Page-196),High-Voltage (Page-206),Low-Voltage Power Supply (Page-213),Remote Control (Page-225),Alignment (Page-241),Antenna And Transmission (Page-257),Television Interference (Page-266),Transistor Television (Page-271). | ||
| 600 |
_aPaul B.Zbar _9106265 |
||
| 650 |
_aServicing Techniques _9106266 |
||
| 942 |
_2ddc _cBK |
||
| 999 |
_c183256 _d183256 |
||